| 000 | 00949cam a2200157ua 4500 | ||
|---|---|---|---|
| 041 |
_aeng _h |
||
| 082 |
_a614.84 _bIND/GL |
||
| 110 | 1 |
_aIndian Standards Institution . _b _c(New Delhi ) |
|
| 245 |
_aGlossary of terms associated with fire safety, IS 8757-1978 / _cIndian Standards Institution. _hTextual Documents |
||
| 250 |
_a1 / _b. |
||
| 260 |
_aNew Delhi : _bIndian Standards Institution , _c1978. |
||
| 300 | _a13 ; . | ||
| 504 | _a | ||
| 942 | _cBK | ||
| 999 |
_c7706 _d7706 |
||